Laboratory Manual For Enviromental Chemistry (Record no. 76)

MARC details
000 -LEADER
fixed length control field 00425nam a2200169Ia 4500
008 - FIXED-LENGTH DATA ELEMENTS--GENERAL INFORMATION
fixed length control field 221030s9999 xx 000 0 und d
020 ## - INTERNATIONAL STANDARD BOOK NUMBER
ISBN 8121918073
041 ## - LANGUAGE CODE
Language code of text/sound track or separate title
082 ## - DEWEY DECIMAL CLASSIFICATION NUMBER
Classification number 105.23
Item number Hoo
100 ## - MAIN ENTRY--AUTHOR NAME
Personal name S. Hooda
245 #0 - TITLE STATEMENT
Title Laboratory Manual For Enviromental Chemistry
Statement of responsibility, etc by S. Hooda, S. Kaur
260 ## - PUBLICATION, DISTRIBUTION, ETC. (IMPRINT)
Name of publisher S. Chand & Co
Place of publication New Delhi
Year of publication 1999
300 ## - PHYSICAL DESCRIPTION
Number of Pages 120
650 ## - SUBJECT ADDED ENTRY--TOPICAL TERM
Topical Term Chemistry
700 ## - ADDED ENTRY--PERSONAL NAME
Personal name S. Kaur
942 ## - ADDED ENTRY ELEMENTS (KOHA)
Koha item type Books
Holdings
Accession Number Cost, normal purchase price Full call number Price effective from Koha item type Withdrawn / writtenoff status Materials specified (bound volume or other part) Damaged status Not for loan Collection code Permanent Location Current Location Shelving location Date acquired Lost/ Missing status department
BE 5069 120.00 105.23 Hoo 10/30/2022 Books   Print   Not For Loan   MIET Library, Jammu MIET Library, Jammu BL-Second, FL-1, CUP-59, SH-5, R-5 05/22/2002   BE
BE 5070 60.00 105.23 Hoo 10/30/2022 Books   Print       MIET Library, Jammu MIET Library, Jammu BL-Academic Block A, FL-1, CUP-19, SH-5, R-5 05/22/2005   BE
BE 5071 60.00 105.23 Hoo 10/30/2022 Books   Print       MIET Library, Jammu MIET Library, Jammu BL-Academic Block A, FL-1, CUP-19, SH-5, R-5 05/22/2002   BE